|
|
|
|
| LEADER |
00000nab a2200000 a 4500 |
| 001 |
vtls000009530 |
| 003 |
SK-MaSNL |
| 005 |
20260304062353.0 |
| 008 |
250422c1978 xo 0 slo |
| 015 |
|
|
|a SNBRB19rr/mm-uuuuu
|
| 035 |
|
|
|a CL0019624
|
| 035 |
|
|
|a urn:nbn:sk:snk-abcyj0
|
| 035 |
|
|
|a (urnnbn)urn:nbn:sk:snk:ar-a09wkz
|
| 035 |
|
|
|a (uuid)c4396e4a-d767-4479-86a6-e62d7a38c872
|
| 040 |
|
|
|a SNKBUCL
|b slo
|c SNKBUCL
|e AACR2
|
| 041 |
0 |
|
|a slo
|
| 044 |
|
|
|a xo
|c SK
|
| 080 |
|
|
|a 636.5
|2 1981
|
| 080 |
|
|
|a 637.5
|2 1981
|
| 080 |
|
|
|a 664
|2 1981
|
| 100 |
1 |
|
|a Bobiš, Ladislav,
|d 1922-1990
|4 aut
|9 174446
|
| 245 |
1 |
0 |
|a Rozvojové tendencie spotreby hydiny
|c Ladislav Bobiš
|
| 300 |
|
|
|b Obr. 1. Tb. 11.
|
| 650 |
0 |
7 |
|a hydina
|2 snkbucl
|9 2747
|
| 650 |
0 |
7 |
|a hydinové mäso
|2 snkbucl
|9 65949
|
| 655 |
|
7 |
|a články z novín a časopisov
|2 snkbucl
|9 267496
|
| 773 |
0 |
|
|t Hydinársky priemysel
|g Roč. 20, č. 4-6 (1978), s. 148-158
|
| 850 |
|
|
|a Slovenská národná knižnica
|
| 852 |
|
|
|a Slovenská národná knižnica
|
| 954 |
|
|
|a odborná, vedecká literatúra pôvodná (slovenská)
|2 lita
|
| 958 |
|
|
|a article17
|
| 958 |
|
|
|a RK
|
| 958 |
|
|
|a OND
|
| 958 |
|
|
|a EUIPO
|
| 992 |
|
|
|a RBX
|
| 999 |
|
|
|c 2737778
|d 2739708
|